| 000 | 00537nam a2200181 a 4500 | ||
|---|---|---|---|
| 005 | 20140412111230.0 | ||
| 008 | 020412s19uu xx 00 eng d | ||
| 020 | _a0-88705-577-X | ||
| 050 |
_aER _bHu86 1992 |
||
| 100 | _aLangley, Andy | ||
| 245 |
_aThe hungry mice. / _cstories: Andy Langley; illustrations: John Collins. |
||
| 260 |
_aWilton, CT : _bWishing Well Books, _c1992. |
||
| 300 | _a1 v. (unp.) ; ill. | ||
| 440 | _aan enchanting window storybook | ||
| 650 |
_aMice _xFiction |
||
| 650 | _aPicture book | ||
| 999 |
_c102138 _d102138 |
||